00394cam a22001572 4500001001100000005001700011008004100028040001500069110002300084245003300107250001300140260003700153300001100190651003200201852000300233000001289620151217155853.0090331s xx 000 0 eng d aKABUcKABU2 aKenya.@000015021510aKenya :ba new era /cKenya. a1st ed. aNairobi :bGovt. Printer,c1963. a40 p. 0aKenyaxHistory.@00001487271